000 00577nam a2200193 i 4500
001 67222
003 ES-MaACL
005 20250915063035.0
007 t|
008 040512s1988 sp ||||1| spa d
080 _a342.53(460)
100 1 _aMartínez Val, José María,
_d1916-
_978455
245 1 0 _aDesprestigio del parlamento español /
_cJosé María Martínez Val.
260 _aMadrid :
_bRazón Española,
_c1988.
300 _ap. [135]-144 ;
_c21 cm.
650 1 4 _aParlamentos-
_zEspaña.
_915840
852 _aES-MaACL
_j2178-F-8
_bR.133778
999 _c67222
_d67222